000
00196 a2200097 4500
001
16813
100
_a
Petrie Glen
245
_a
Hand of glory
260
_a
_b
Pan books
_c
090
_c
12677
_d
12677
942
_a
NUST-CAE
_c
M
_c
2977
999
_c
251886
_d
251886